Applied methods of cost-effectiveness analysis in health care / (Record no. 24118)
[ view plain ]
| 000 -LEADER | |
|---|---|
| fixed length control field | 01027cam a22003015a 4500 |
| 001 - CONTROL NUMBER | |
| control field | 16641000 |
| 005 - DATE AND TIME OF LATEST TRANSACTION | |
| control field | 20201128024130.0 |
| 008 - FIXED-LENGTH DATA ELEMENTS--GENERAL INFORMATION | |
| fixed length control field | 110207r20122011enka frb f001 0 eng d |
| 020 ## - INTERNATIONAL STANDARD BOOK NUMBER | |
| International Standard Book Number | 9780199227280 |
| 020 ## - INTERNATIONAL STANDARD BOOK NUMBER | |
| International Standard Book Number | 0199227284 |
| 040 ## - CATALOGING SOURCE | |
| Original cataloging agency | NLE |
| Transcribing agency | NLE |
| Modifying agency | CDX |
| -- | UAT |
| -- | UKM |
| -- | YDXCP |
| -- | OCLCQ |
| -- | DLC |
| -- | EG-ScBUE |
| Language of cataloging | eng |
| 082 04 - DEWEY DECIMAL CLASSIFICATION NUMBER | |
| Edition number | 22 |
| Classification number | 338.473621 |
| Item number | APP |
| 245 00 - TITLE STATEMENT | |
| Title | Applied methods of cost-effectiveness analysis in health care / |
| Statement of responsibility, etc | Alistair M. Gray ... [et al.] |
| 250 ## - EDITION STATEMENT | |
| Edition statement | Reprint ed. |
| 260 ## - PUBLICATION, DISTRIBUTION, ETC. (IMPRINT) | |
| Place of publication, distribution, etc | Oxford ; |
| -- | New York : |
| Name of publisher, distributor, etc | Oxford University Press, |
| Date of publication, distribution, etc | 2012. |
| 300 ## - PHYSICAL DESCRIPTION | |
| Extent | vi, 313 p. : |
| Other physical details | ill. ; |
| Dimensions | 24 cm. |
| 490 0# - Series Statement | |
| Series statement | Handbooks in health economic evaluation series ; |
| Volume/sequential designation | 3 |
| 500 ## - GENERAL NOTE | |
| General note | Reprinted of the 2011 edition. |
| 500 ## - GENERAL NOTE | |
| General note | Index : p. 307-313. |
| 504 ## - BIBLIOGRAPHY, ETC. NOTE | |
| Bibliography, etc | Includes bibliographical references. |
| 650 #0 - SUBJECT ADDED ENTRY--TOPICAL TERM | |
| Topical term or geographic name as entry element | Medical economics. |
| Source of heading or term | BUEsh |
| 650 #7 - SUBJECT ADDED ENTRY--TOPICAL TERM | |
| Topical term or geographic name as entry element | Cost effectiveness. |
| Source of heading or term | BUEsh |
| 9 (RLIN) | 2153 |
| 651 ## - SUBJECT ADDED ENTRY--GEOGRAPHIC NAME | |
| Source of heading or term | BUEsh |
| 653 ## - INDEX TERM--UNCONTROLLED | |
| Resource For college | Pharmacy |
| Arrived date list | February2017 |
| 655 ## - INDEX TERM--GENRE/FORM | |
| Form subdivision | Reading book |
| -- | 34232 |
| 700 1# - ADDED ENTRY--PERSONAL NAME | |
| Personal name | Gray, Alastair, |
| Dates associated with a name | 1953- |
| 942 ## - ADDED ENTRY ELEMENTS (KOHA) | |
| Source of classification or shelving scheme | Dewey Decimal Classification |
| Withdrawn status | Item status | Source of classification or shelving scheme | Damaged status | Not for loan | Vendor | Home library | Current library | Shelving location | Date acquired | Source of acquisition | Cost, normal purchase price | Total Checkouts | Total Renewals | Full call number | Barcode | Date last seen | Date last borrowed | Cost, replacement price | Koha item type |
|---|---|---|---|---|---|---|---|---|---|---|---|---|---|---|---|---|---|---|---|
| Dewey Decimal Classification | Baccah | Central Library | Central Library | First floor | 09/02/2017 | Purchase | 620.00 | 2 | 7 | 338.473621 APP | 000041156 | 15/07/2025 | 20/03/2018 | 775.00 | Book - Borrowing |